| 000 | 01182nam a2200361 i 4500 | ||
|---|---|---|---|
| 999 |
_c65408 _d65408 |
||
| 001 | 768714001 | ||
| 003 | CO-MdFUSB | ||
| 005 | 20200303173208.0 | ||
| 007 | ta | ||
| 008 | 200226t2009 sp ade|| |||| 00| 0 spa d | ||
| 020 | _a9788497544023 | ||
| 040 |
_aCO-MdFUSB _bspa _cCO-MdFUSB _dCO-MdFUSBC _erda |
||
| 041 |
_aspa _heng |
||
| 082 |
_223 _a200.922 _bST785r |
||
| 100 |
_aStangroom, Jeremy. _eautor |
||
| 240 | _aThe little book ideas: Religion | ||
| 245 |
_aReligión _c/ Jeremy Stangroom ; traducido por Agustín Díaz Tobajas , María Tabuyo |
||
| 264 | 1 |
_aBarcelona, España : _bOniro, _c[2009] |
|
| 264 | 4 | _c© 2009 | |
| 300 |
_a128 páginas _c; 20 cm |
||
| 336 |
_2rdacontent _atexto _btdi |
||
| 337 |
_2rdamedia _asin mediación _bn |
||
| 338 |
_2rdacarrier _avolumen _bnc |
||
| 490 | _aPequeñas Grandes Ideas | ||
| 505 | _aCristianismo. -- Islam. -- Judaísmo. -- Hinduismo. -- Sijismo. -- Budismo. -- Otras religiones. | ||
| 563 | _aRústico | ||
| 650 | 7 |
_9386 _aReligiones |
|
| 653 | _aLíderes religiosos | ||
| 700 |
_92940 _aDíaz Tobajas, Agustín. _etraductor |
||
| 700 |
_92941 _aTabuyo, María. _etraductor |
||
| 942 | _cBK | ||
| 945 | _aJTF-925 | ||